Nhật ký trong gian lao

Cuốn nhật ký của Trung vũ công (Đô đốc) Lee Sun Sin ghi chép suốt 7 năm, từ năm 1592 đến năm 1598, gồm những câu chuyện về gia đình, những mâu thuẫn giữa tướng và các thuộc hạ, kế hoạch tác chiến và những thay đổi cảm xúc của chính tảc gi...

Disgrifiad llawn

Wedi'i Gadw mewn:
Manylion Llyfryddiaeth
Prif Awdur: Lee, Sun Sin
Awduron Eraill: No, Seung Seok
Fformat: Llyfr
Iaith:Undetermined
Cyhoeddwyd: Tp. Hồ Chí Minh Văn hóa Văn nghệ Tp. Hồ Chí Minh 2015
Pynciau:
Mynediad Ar-lein:http://lrc.tdmu.edu.vn/opac/search/detail.asp?aID=2&ID=30697
Tagiau: Ychwanegu Tag
Dim Tagiau, Byddwch y cyntaf i dagio'r cofnod hwn!
Thư viện lưu trữ: Trung tâm Học liệu Trường Đại học Thủ Dầu Một
LEADER 01493nam a2200217Ia 4500
001 TDMU_30697
008 210410s9999 xx 000 0 und d
082 |a 089.95922 
090 |b L201 
100 |a Lee, Sun Sin 
245 0 |a Nhật ký trong gian lao 
245 0 |c Lee Sun Sin; No Seung Seok (dịch); Đào Thị Mỹ Khanh (chuyển ngữ) 
260 |a Tp. Hồ Chí Minh 
260 |b Văn hóa Văn nghệ Tp. Hồ Chí Minh 
260 |c 2015 
300 |a 537tr. 
520 |a Cuốn nhật ký của Trung vũ công (Đô đốc) Lee Sun Sin ghi chép suốt 7 năm, từ năm 1592 đến năm 1598, gồm những câu chuyện về gia đình, những mâu thuẫn giữa tướng và các thuộc hạ, kế hoạch tác chiến và những thay đổi cảm xúc của chính tảc giả về sự bất lực của triều đình Triều Tiên trước sự xâm lăng của Nhật Bản. Qua đó phản ánh tình hình chính trị, kinh tế, xã hội, quân sự của Triều Tiên cuối thế kỷ XVI 
650 |a Lịch sử Hàn Quốc  |x Triều nhà Yi  |y 1392-1910; Lịch sử Triều Tiên  |x Triều Nhà Yi  |x Nhật Bản xâm lược  |y 1392-1910 
700 |a No, Seung Seok 
856 |u http://lrc.tdmu.edu.vn/opac/search/detail.asp?aID=2&ID=30697 
980 |a Trung tâm Học liệu Trường Đại học Thủ Dầu Một